000 00308nam a22001457a 4500
020 _a81-222-0220-9
082 _a001
_bRYA/T
100 _aRYAN, STEVE
245 _aTEST YOUR MATH IQ
260 _aDELHI
_bSTERLING PUBLISHING CO
_c2002
300 _a96
520 _aMATHS IQ
650 _aG.K
942 _cBK
999 _c6726
_d6726